00526nam a22001577a 4500020001800000041001200018082001400030100003100044245008600075260005400161300000800215650002000223942000700243952010100250999001700351 a81-7435-366-6 aEnglish a297.2 GHI aGhifari ,Dr. Noor Mohammad aThe Memoir of the Listener and the Speaker in the Training of Teacher and Student aNew DelhibAdam Publishers and Distributorsc2007 a111 aIslam teachings cBK 00104070aHMIbHMIcGENd2018-05-31g180.00l0o297.2 GHIp11-3276r2018-05-31w2018-05-31yBK c21067d21067